00663nam a2200241 a 4500001001300000003000900013005001700022008004100039020001000080082001800090100001900108245002900127260004100156300000900197500003500206505001000241650001800251700001900269902000800288942000700296952010100303999001700404nice12345678IN_TiNIC20260116015048.0050524s1948 ahma grp 000 0 eng  ac10000a294.5924bDES aDesai, Mahadev aGita According to Gandhi aAhmedabadbNavjivan Pub.House c1948 a390p aincludes index and biblioraphy2 aIndex aBhagavad Gita1 aDesai, Mahadev bSRS cBK 00104070aHMIbHMId2007-07-26g100.00l0o294.5924 DESp11001455r2007-07-26w2026-01-16yEB c18151d18151